000 00383pab a2200157 454500
008 180718b2007 xxu||||| |||| 00| 0 eng d
100 _aMisra, P.K.
245 _aBackward castes census: an outmoded idea
260 _c2007
300 _ap.2245-247.
362 _a16 Jun
650 _aBackward classes
773 _aEconomic and Political Weekly
908 _aN
909 _a77118
999 _c77118
_d77118